LEADER 01365nam a2200265 4500 001 000000343488 003 CaOOAMICUS 005 20201222000000.0 008 201222s2017 fr 000 u fre r 020 $a978-2-88926-165-9 040 $aSeMil$bita 100 1 $aPralong, Joël,$d<1956- >.$0(OLS)http://semarc/name/112678 245 14$aLes divorcés, les remariés, invités à la "Joie de l'amour" du pape François / $cJoël Pralong. 264 1$aSaint-Maurice :$bSaint-Augustin,$c2017. 300 $a144 p. ;$c21 cm 500 $aPrecedentemente pubblicato col titolo: Un évangile pour les séparés, les divorcés, les remariés 650 4$aDivorzio - Concezione cristiana - Sec. 21.$0(OLS)http://semarc/subject/49798 650 4$aDivorziati risposati - Pastorale.$0(OLS)http://semarc/subject/9930 650 4$aFrancesco I - Esortazioni apostoliche . Amoris Laetitia.$0(OLS)http://semarc/subject/42882 850 $aSeMil 852 $aSeMil$W1$xVenegono$y1$m2E III 461$j234465$B234471$CSeMilBibl$Z2$F234471 $81 996 $6020$a978-2-88926-165-9$9(OLS)http://semarc/number/291916 996 $6245$aLes divorcés, les remariés, invités à la "Joie de l'amour" du pape François / $9(OLS)http://semarc/title/432471 996 $6264$aSaint-Maurice :$bSaint-Augustin$9(OLS)http://semarc/publisher/55708 LEADER 01078nam a2200265 i 4500 001 000000050975 003 CaOOAMICUS 005 20050701000000.0 008 050701s1962 it u000 u fre u 013 $a22146 040 $aSeMil$bita 100 1 $aDesroche, Henri.$0(OLS)http://semarc/name/25226 245 10$aMarxisme et religions /$cpar Henri Desroche. 260 $aParis :$bPresses Universitaires de France,$c1962. 300 $a125 p. ;$c19 cm. 490 0 $aMythes et religions ;$v43 500 $aContiene : Bibliographie. 650 4$aReligione e cultura.$0(OLS)http://semarc/subject/6000 650 4$aMarxismo.$0(OLS)http://semarc/subject/494 650 4$aMarxismo e religione.$0(OLS)http://semarc/subject/8342 830 0$aMythes et religions ;$v43.$0(OLS)http://semarc/title/18378 850 $aSeMil 852 $aSeMil$W1$xVenegono$y1$m2R I 393$j17130$B17130$CSeMilBibl$Z2$F17130 $81 996 $6245$aMarxisme et religions$9(OLS)http://semarc/title/77940 996 $6260$aParis :$bPresses Universitaires de France$9(OLS)http://semarc/publisher/30047